Statistics for WTA: How well do you know women's professional tennis?

Click here to take the quiz!

General Stats

  • This quiz has been taken 447 times
  • The average score is 12 of 15

Answer Stats

HintAnswer% Correct
First Asian player (male or female) to win Grand Slam, retired 2014Li Na
91%
Danish player, two-time US Open finalist, ex-beau of Rory McIllroyCaroline Wozniacki
90%
Winner of 18 Grand Slams, over $50 million in prize money...and numerous uncountable achievements...Serena Williams
90%
Diagnosed with Sjorgen'ss syndrome, winner of 5 Wimbledon titles, also 12 grand slam doubles titles with younger sisterVenus Williams
90%
From Belarus, loud-grunter, Aussie Open champion (twice)Victoria Azarenka
90%
The highest paid female athlete in the world, won 2004 Wimbledon as a 17-year-old, loud grunter, owns a popular candy franchiseMaria Sharapova
89%
Won three Grand Slams as a seventeen-year-old, from Switzerland, retired in 2007 after testing positive for cocaineMartina Hingis
89%
This player announced a shock retirement after her first Grand Slam title at Wimbledon 2013Marion Bartoli
88%
WTA record for the most titles won in open era, both in singles and doubles, played for Czechoslovakia and USMartina Navratilova
85%
Won US Open in first tournament back as a wildcard after becoming a motherKim Clijsters
80%
One of the fastest servers out there, won singles US Open in 2011, successfull doubes careerSamantha Stosur
69%
By-far the highest ranked Indian player, multiple achievements for home-nation, controversial marriage to Shoaib MalikSania Mirza
68%
From Zimbabwe, one of the best doubles players ever with over 50 WTA titlesCara Black
55%
Beijing Olympics gold medallist, Sydney Olympics silver medallist, two-time Grand Slam finalistElena Dementieva
50%
The oldest currently active player, announced a shock comeback in 2008, reached a career-high ranking of No.4 in the 1990sKimiko Date-Krumm
46%

Score Distribution

Percentile by Number Answered

Percent of People with Each Score

Your Score History

You have not taken this quiz